MARC

LEADER 00000nam0a2200000 4500
001 330915
005 20231102004314.0
035 |a (RuTPU)RU\TPU\book\356703 
090 |a 330915 
100 |a 20170412d1953 km y0rusy50 ca 
101 0 |a rus 
102 |a RU 
105 |a a g 001zy 
200 1 |a Справочник мастера по чугунному литью  |f под ред. Н. Г. Гиршовича 
210 |a Москва  |c Машгиз  |d 1953 
215 |a 552 с.  |c ил. 
320 |a Библиография в конце глав 
606 1 |a Чугунное литье  |x Точность  |2 stltpush  |3 (RuTPU)RU\TPU\subj\18903  |9 44256 
610 1 |a отливки 
610 1 |a модели 
610 1 |a формовочные материалы 
610 1 |a стержни 
610 1 |a специальные способы 
610 1 |a чугун 
610 1 |a структура 
610 1 |a состав 
610 1 |a шихтовка 
610 1 |a плавка 
610 1 |a заливка 
610 1 |a тепловая обработка 
610 1 |a пороки 
610 1 |a экономика 
610 1 |a охрана труда 
610 1 |a справочники 
675 |a 621.74:669.13(035)  |v 4 
702 1 |a Гиршович  |b Н. Г.  |4 340 
801 1 |a RU  |b 63413507  |c 20170412 
801 2 |a RU  |b 63413507  |c 20170413  |g RCR 
942 |c BK